|
|
|
|
| LEADER |
00000nam0a2200000 4500 |
| 001 |
147507 |
| 005 |
20231101221310.0 |
| 010 |
|
|
|a 5855402401
|
| 035 |
|
|
|a (RuTPU)RU\TPU\book\159893
|
| 090 |
|
|
|a 147507
|
| 100 |
|
|
|a 20081115d1990 m y0rusy50 ca
|
| 101 |
0 |
|
|a rus
|
| 102 |
|
|
|a RU
|
| 105 |
|
|
|a ac z 000ay
|
| 200 |
1 |
|
|a Эх, мне бы дожить бы...
|e страницы из жизни фронтового разведчика
|f С. Н. Полынский
|
| 210 |
|
|
|a Омск
|c Омское книжное изд-во
|d 1990
|
| 215 |
|
|
|a 160 с.
|c ил., портр.
|
| 606 |
1 |
|
|a Русская литература современная
|2 stltpush
|3 (RuTPU)RU\TPU\subj\26373
|9 50316
|
| 610 |
1 |
|
|a советская литература
|
| 610 |
1 |
|
|a записки
|
| 610 |
1 |
|
|a фронты
|
| 610 |
1 |
|
|a разведчики
|
| 610 |
1 |
|
|a Великая Отечественная война 1941-1945
|
| 610 |
1 |
|
|a военная проза
|
| 675 |
|
|
|a Р2
|v 3
|
| 700 |
|
1 |
|a Полынский
|b С. Н.
|g Степан Николаевич
|
| 801 |
|
1 |
|a RU
|b 63413507
|c 20081115
|g PSBO
|
| 801 |
|
2 |
|a RU
|b 63413507
|c 20220127
|g RCR
|
| 942 |
|
|
|c BK
|